000 01624nab a2200253 i 4500
003 BR-BrBNA
005 20250616130845.0
008 250616b2018 bl.qr|pooa||| 00| 0 por |
040 _aBR-BrBNA
_bpor
072 _aF70
100 _aRomaniuc-Neto, Sergio
100 _aPederneiras, Leandro Cardoso
100 _aGaglioti, André Luiz
245 _aFlora das cangas da Serra dos Carajás, Pará, Brasil: Moraceae
500 _aPublicação on-line; 11 ref.; 1 illus.; Summaries (En, Pt)
520 _a Resumo Este trabalho compreende um tratamento para Moraceae nas cangas da Serra dos Carajás, no estado do Pará. São apresentados descrição, fotografia e comentário para Ficus americana subsp. guianensis, a única espécie registrada na área de cangas. Palavras-chave: clado urticóide, FLONA Carajás, taxonomia, Urticineae. Abstract This paper encompasses a treatment for the Moraceae registered for the canga of Serra dos Carajás, Pará state. Description, photo and comments on Ficus americana subsp. guianensis are presented, the only species of the family recorded in the canga vegetation. Key words: urticalean clade, FLONA Carajás, taxonomy, Urticineae.
650 _aCARAJÁS
650 _aTAXONOMIA
650 _aMORACEAE
773 0 _0709
_9350966
_dRio de Janeiro-RJ Jardim Botanico do Rio de Janeiro 1935
_o2025-3590
_tRodriguésia (Brazil)
_x0370-6583; 2175-7860 on-line
_gv. 69(3) p. 1255-1257; (2018)
_wBR2025003140
856 _uhttps://www.scielo.br/j/rod/a/5FVPBrC3dPrdpcqgr5pwJTh/?format=pdf&lang=pt
942 _cANA
999 _c332081
_d332081